HOTEL

Uložené v:
Podrobná bibliografia
Hlavný autor: Gardlík, Tomáš (Autor)
Ďalší autori: Hraška, Jozef (Vedúci práce)
Médium: Rukopis Kniha
Jazyk:Slovak
Vydavateľské údaje: 2019
Predmet:
On-line prístup:http://is.stuba.sk/zp/portal_zp.pl?podrobnosti=143276
https://opac.crzp.sk/?fn=detailBiblioForm&sid=1207FF88EADD70B1D5C7A30BD7FD
Tagy: Pridať tag
Žiadne tagy, Buďte prvý, kto otaguje tento záznam!

MARC

LEADER 00000ntm a22000003a 4500
001 stuzp72959
003 SK-STU
005 20230530130843.1
007 ta
008 150427s2015----xo-----f-mn---000-0-slo-d
040 |a STU  |b slo 
041 0 |a slo 
100 1 |a Gardlík, Tomáš  |u 010180  |k Z4  |4 aut  |U SvF Stavebná fakulta  |T SvF Katedra konštrukcií pozemných stavieb  |X 7513  |U V180  |Y 18  |7 7513 
242 0 1 |a Hotel  |y eng 
245 1 0 |a HOTEL 
260 |c 2019 
650 4 |a hotel  |2 slo 
650 4 |a ubytovanie  |2 slo 
650 4 |a recepcia  |2 slo 
650 4 |a hotel  |2 eng 
650 4 |a accomodation  |2 eng 
650 4 |a reception  |2 eng 
700 1 |a Hraška, Jozef  |u 010180  |k Z1  |4 ths  |U SvF Stavebná fakulta  |T SvF Katedra konštrukcií pozemných stavieb  |X 899  |U V180  |Y 18  |7 A000000899 
856 4 |u http://is.stuba.sk/zp/portal_zp.pl?podrobnosti=143276 
856 4 |u https://opac.crzp.sk/?fn=detailBiblioForm&sid=1207FF88EADD70B1D5C7A30BD7FD